000 00914nam a2200265 a 4500
001 000044785
003 DO-SdBNP
005 20240530073923.0
007 ta
008 150112e2014 dr er 001 fdspa d
020 _a9789945081848
040 _aDO-SdBNP
_bspa
_cBNPHU
082 4 _222
_aRD863.44
_bP426i
100 1 _aPeralta, Víctor M.
_d1958-
_91861
245 1 0 _aInsomnio :
_bcuentos de punto fijo /
_cVíctor M. Peralta.
260 _aSanto Domingo :
_bMediabyte,
_c2014.
300 _a123 p. ;
_c23 cm.
500 _aIncluye datos biográficos del autor en las solapas de las cubiertas
505 0 _aAmor--
_tdesamor --
_tOdios--
_tEngaños --
_tIntrigas --
_tDrogas --
_tCorrupción --
_tHistorias de la vida real --
590 _aInventariado, 2021/MFF
650 0 _aNovela dominicana
_9223
650 4 _aLiteratura dominicana
_979800
910 _aValidado. Control de calidad MFF
942 _2ddc
_cLBS1
999 _c44274
_d44274